The noble scholar, jurist, historian


 His Excellency Dr. Abdul Wahhab bin Ibrahim Abu Sulaiman, may Allah have mercy on him.


 He was born in Umm Al-Qura in the year 1356 AH.

أروع ما قيل في مديح الرسول / (Record no. 5632)

MARC details
000 -LEADER
fixed length control field 00973cam a22002651i 4500
003 - CONTROL NUMBER IDENTIFIER
control field SA-RiAUC
005 - DATE AND TIME OF LATEST TRANSACTION
control field 20250205083213.0
008 - FIXED-LENGTH DATA ELEMENTS--GENERAL INFORMATION
fixed length control field 250201s1999 le g b 000 p ara c
040 ## - CATALOGING SOURCE
Original cataloging agency JO-AmJU
Language of cataloging ara
Transcribing agency SA-RiAUC
Description conventions rda
082 04 - DEWEY DECIMAL CLASSIFICATION NUMBER
Classification number 811.062
Assigning agency SA-RiAUC
090 ## - LOCALLY ASSIGNED LC-TYPE CALL NUMBER (OCLC); LOCAL CALL NUMBER (RLIN)
Classification number (OCLC) (R) ; Classification number, CALL (RLIN) (NR) 811.062
Local cutter number (OCLC) ; Book number/undivided call number, CALL (RLIN) ن ا ص
100 1# - MAIN ENTRY--PERSONAL NAME
Personal name ناصيف، إميل،
Dates associated with a name 1950-
Relator term مؤلف.
245 10 - TITLE STATEMENT
Title أروع ما قيل في مديح الرسول /
Statement of responsibility, etc. إميل ناصيف.
250 ## - EDITION STATEMENT
Edition statement الطبعة الاولى
264 #1 - PRODUCTION, PUBLICATION, DISTRIBUTION, MANUFACTURE, AND COPYRIGHT NOTICE
Place of production, publication, distribution, manufacture بيروت :
Name of producer, publisher, distributor, manufacturer دار الجيل،
Date of production, publication, distribution, manufacture, or copyright notice 1999
300 ## - PHYSICAL DESCRIPTION
Extent 144 صفحة
336 ## - CONTENT TYPE
Content type term نص
Content type code txt
Source rdacontent
Materials specified كتاب
337 ## - MEDIA TYPE
Media type term بدون وسيط
Media type code n
Source rdamedia
338 ## - CARRIER TYPE
Carrier type term مجلد
Carrier type code nc
Source rdacarrier
500 ## - GENERAL NOTE
General note يشتمل على ملاحق.
504 ## - BIBLIOGRAPHY, ETC. NOTE
Bibliography, etc. note يشتمل على إرجاعات ببليوجرافية.
650 #7 - SUBJECT ADDED ENTRY--TOPICAL TERM
Topical term or geographic name entry element الشعر العربي الديني
Geographic subdivision البلاد العربية
Source of heading or term aucsh
942 ## - ADDED ENTRY ELEMENTS (KOHA)
Source of classification or shelving scheme Dewey Decimal Classification
Koha item type Books
Suppress in OPAC No
949 ## - LOCAL PROCESSING INFORMATION (OCLC)
a SA-JeALM
d 250201
u mohamedma123
n 1
Holdings
Withdrawn status Lost status Source of classification or shelving scheme Damaged status Not for loan Home library Current library Date acquired Total checkouts Full call number Barcode Date last seen Price effective from Koha item type
    Dewey Decimal Classification     DR AbdElwahab Library DR AbdElwahab Library 02/05/2025   811.062 ن ا ص 000009332 02/05/2025 02/05/2025 Books